LEADER 01547nam a2200301 i 4500 001 000000153338 003 CaOOAMICUS 005 20191028100413.0 008 060920s2006 it u000 u ita u 013 $a130680 020 $a88-7367-053-9 040 $aSeMil$bita 245 13$aLa formazione liturgica :$bAtti della 33. Settimana di studio dell'Associazione professori di liturgia, Camposampiero (Padova), 28 agosto-2 settembre 2005 /$ca cura di Andrea Grillo. 260 $aRoma :$bCLV Edizioni Liturgiche,$c2006. 300 $a207 p. ;$c24 cm. 490 0 $aBibliotheca Ephemerides Liturgicae. Subsidia ;$v137 490 0 $aStudi di liturgia. Nuova serie ;$v48 650 4$aLiturgia - Formazione.$0(OLS)http://semarc/subject/29966 700 1 $aGrillo, Andrea,$d<1961- >.$0(OLS)http://semarc/name/2664 830 0$aBibliotheca Ephemerides Liturgicae. Subsidia ;$v137.$0(OLS)http://semarc/title/38 830 0$aStudi di liturgia. Nuova serie ;$v48.$0(OLS)http://semarc/title/28084 850 $aSeMil 852 $aSeMil$W1$xVenegono$y1$m3KA A 137$j226783$B105280$CSeMilBibl$Z2$F114510 $81 961 $aSottoscrizione: CLV Edizioni Liturgiche 996 $6020$a88-7367-053-9$9(OLS)http://semarc/number/143142 996 $6245$aLa formazione liturgica :$bAtti della 33. Settimana di studio dell'Associazione professori di liturgia, Camposampiero (Padova), 28 agosto-2 settembre 2005$9(OLS)http://semarc/title/224330 996 $6260$aRoma :$bCLV Edizioni Liturgiche$9(OLS)http://semarc/publisher/29627 LEADER 01189nam a2200265 i 4500 001 000000189840 003 CaOOAMICUS 005 20100519000000.0 008 100519s1977 fr u000 u fre u 013 $a168152 040 $aSeMil$bita 100 1 $aCourvoisier, Jacques,$d<1900-1998>.$0(OLS)http://semarc/name/16132 245 10$aDe la réforme au protestantisme :$bessai d'ecclésiologie réformée /$cPar Jacques Courvoisier. 260 $aParis :$bBeauchesne,$ccopyr. 1977. 300 $a209 p. ;$c22 cm. 490 0 $aThéologie historique ;$v45 650 4$aRiforma protestante.$0(OLS)http://semarc/subject/4876 650 4$aProtestantesimo - Ecclesiologia.$0(OLS)http://semarc/subject/35772 650 4$aChiesa - Teologia protestante.$0(OLS)http://semarc/subject/35773 830 0$aThéologie historique ;$v45.$0(OLS)http://semarc/title/80 850 $aSeMil 852 $aSeMil$W1$xVenegono$y1$m2U I 45$j140471$B140471$CSeMilBibl$Z2$F152090 $81 961 $aOmaggio: Altro 996 $6245$aDe la réforme au protestantisme :$bessai d'ecclésiologie réformée$9(OLS)http://semarc/title/273388 996 $6260$aParis :$bBeauchesne$9(OLS)http://semarc/publisher/29638